000 00911cab a2200229 4500
001 ABS50598
008 090401t1994 xxu||||| |||| 00| 0 eng d
035 _a(Sirsi) u76603
041 _aeng
100 _aCutler, J.
245 _aOn the mend
260 _c1994
350 _a0
490 _aBuilding Market Report
_vMay 1994, 6-7(2)
520 _aIn contrast to earlier recessions, the last fall in building orders was exacerbated by a concurrent reduction in repair, maintenance and improvement work. As output fell by more than double the rate for new-build, repair work was unable to provide the traditional engine for recovery. Statistics quantify the market collapse.
650 _aCONSTRUCTION MARKET
650 _aREPAIR AND MAINTENANCE
690 _aBUILDING AND CONSTRUCTION-ECONOMICS
690 _aBUILDING AND CONSTRUCTION-REPAIRS AND MAINTENANCE
942 _n0
948 _c04/03/1997
999 _c48141
_d48141